| 000 | 00565nam a2200181Ia 4500 | ||
|---|---|---|---|
| 001 | 2121 | ||
| 005 | 20260306143819.0 | ||
| 008 | 260306t2016||||xx |||||||||||||| ||spa|| | ||
| 041 | _aESP | ||
| 082 |
_a613.62 _bG64 |
||
| 100 |
_aGómez Peláez, Guillermo León _eAUT |
||
| 245 | 0 |
_aLa seguridad y la salud en el trabajo de los educadores: _blo que todo directivo docente y educador oficial debe saber sobre su seguridad y salud en el trabajo |
|
| 260 | _c2016 | ||
| 300 |
_a375 páginas : _c24 cm. |
||
| 650 | _aGEN | ||
| 654 | _aCPS | ||
| 942 |
_cLIB _dJUS _fJUS _2ddc _n |
||
| 999 |
_c2121 _d2121 |
||